Shuffle /

Bibliographic Details
Main Author: Michaels, Leonard, 1933-2003
Format: Book
Language:English
Published: New York : Farrar, Straus and Giroux, 1990.
Edition:1st ed.

MARC

Tag First Indicator Second Indicator Subfields
LEADER 00000cam a2200000 a 4500
001 in00000930652
005 20150925093906.0
008 900625s1990 nyu 00011 eng d
020 |a 0374263493 
035 |a (OCoLC)21913902 
035 |9 AER4887AM 
040 |a SGR  |c SGR  |d MDB  |d UtOrBLW 
049 |a TXAM  |c [A13477849] 
090 |a PS3563.I273  |b S58 1990 
100 1 |a Michaels, Leonard,  |d 1933-2003. 
245 1 0 |a Shuffle /  |c Leonard Michaels. 
250 |a 1st ed. 
264 1 |a New York :  |b Farrar, Straus and Giroux,  |c 1990. 
300 |a 162 pages ;  |c 23 cm. 
336 |a text  |b txt  |2 rdacontent 
337 |a unmediated  |b n  |2 rdamedia 
338 |a volume  |b nc  |2 rdacarrier 
500 |a "Michael di Capua Books." 
999 |a MARS 
999 f f |s dd60f1fa-eb41-30f2-ac94-1ee6db969791  |i 3dbf4f02-6b46-30d7-a7df-b74c4b77d7d5  |t 0 
952 f f |p ric  |a Texas A&M University  |b Rellis Campus  |c Joint Library Facility  |d Remote Storage  |t 0  |e PS3563.I273 S58 1990  |h Library of Congress classification  |i unmediated -- volume  |m A14813477849 
998 f f |a PS3563.I273 S58 1990  |t 0  |l Remote Storage